000 00277nam a2200121Ia 4500
008 190216s9999||||xx |||||||||||||| ||und||
100 _aJai Nimbkar
245 4 _aThe Phantom Bird And Other Stories
260 _bRupa & Co.
300 _a211
650 _aEnglish
942 _cBK
999 _c14088
_d14088